000 00420nam a2200181Ia 4500
001 15590
005 20260306170207.0
008 260306t2015||||xx |||||||||||||| ||und||
041 _aESP
082 _a550
_bM26
100 _aMarshak, Stephen
_eAUT
245 0 _aEarth:
_bportrait of a planet
260 _c2015
300 _a875 páginas :
_c27 cm.
650 _aGEN
654 _aCCN
942 _cLIB
_dJUS
_fJUS
_2ddc
_n
999 _c15590
_d15590